00370nam a2200145Ia 4500008004100000020001500041041001200056082001600068100001500084245005500099260003400154300000800188650001400196700001400210221030s9999 xx 000 0 und d a8188665087 aEnglish a105.23bSin aV. Singhal 0aObject Modeling & Designcby V. Singhal, R. Baweja bInfocom Pub.aNew Delhic2003 a253 aComputers aR. Baweja